000 00700nam a2200217Ia 4500
003 GCL
008 140319s9999 xx 000 0 ara d
040 _aGCL /
_cGCL
082 0 4 _aط
_b813.088
_bع ح
100 1 _aعبدالجليل حماد
245 1 0 _aالعاقل من يفكر فى العواقب /
_cعبدالجليل حماد
700 1 _aعبدالشافى سيد
260 _a[S.N] :
_bدار الكتاب المصرى ،
_c1991
300 _a16 ص
490 _aحكايات عربية واسلامية
_v0
650 0 4 _aالاطفال
650 0 4 _aالقصص التاريخية
650 0 4 _aقصص الاطفال
650 0 4 _aالقصص الدينية
942 _2ddc
_cBK
999 _c57007
_d57007